| 000 | 00561nam a2200145Ia 4500 | ||
|---|---|---|---|
| 008 | 151213s9999 xx 000 0 und d | ||
| 100 | _aমমতাজ জাহান করিম। | ||
| 245 |
_aপথ ঢাকা আছে কৃঞ্চচূড়ায়। _cমমতাজ জাহান করিম। |
||
| 260 |
_aঢাকা _bশিল্পতরু প্রকাশনী। _c1994 |
||
| 300 | _a8821 p. | ||
| 650 | _aBangla | ||
| 650 | _aকবিতা। | ||
| 700 | _aমমতাজ জাহান করিম। | ||
| 999 |
_c4606 _d4606 |
||